| 000 | 00827nam a2200277 i 4500 | ||
|---|---|---|---|
| 001 | bg | ||
| 100 | 1 | _aGOŁDYKA, Leszek | |
| 245 | 1 | 0 |
_aSocjologia ogólna : _bwybrane zagadnienia / _cLeszek Gołdyka, Danuta Markowska, Janina Stankiewicz. |
| 260 |
_aZielona Góra : _bWydaw. PZ, _c1998. |
||
| 300 |
_a203 s. ; _c24 cm. |
||
| 490 | 1 | _aSkrypty / [Politechnika Zielonogórska] | |
| 500 | _aNa s. red. r. wyd. 1997. | ||
| 504 | _aBibliogr. przy rozdz. | ||
| 650 | 9 | _aSocjologia | |
| 655 | _aPodręczniki akademickie | ||
| 700 | 1 | _aMARKOWSKA, Danuta | |
| 700 | 1 | _aSTANKIEWICZ, Janina | |
| 830 | 0 | _aSkrypty ([Politechnika Zielonogórska]) | |
| 020 | _a8385911553 | ||
| 040 | _cBPK | ||
| 041 | 0 | _apl | |
| 080 | _a316(075.8) | ||
| 920 | _a83-85911-55-3 | ||
| 942 | _cKS | ||
| 008 | s pl f |000 0 pol | ||
| 999 |
_c38044 _d38044 |
||
| 856 |
_uhttp://koha.tu.koszalin.pl/cgi-bin/koha/opac-detail.pl?biblionumber=38044 _yKatalog online BPK |
||